00759nam a2200229 a 4500001000900000005001700009008004100026020001500067040001800082050002500100100002800125245005800153260003700211300004200248500003800290504003200328600003000360650004800390650005700438653001100495700002300506BRCA_85820190320203200.0840201s1984 nyua---##b---#001-0#eng-# a050023387X aDLCcDLCdDLC 4aNK5198.G2b.D86 19841 aDuncan, Alastaird1942-10aGlass by GallécAlastair Duncan, Georges de Bartha. aLondresbThames and Hudsonc1984 a223 p.bil. (algunas a color)c29 cm. aIncluye índice de ilustraciones aBibliografía : p. 219-22014aGallé, Emiled1846-190414aCristaleríaxHistoriaySiglo XIXzFrancia14aDecoración y ornamentaciónxArt NouveauzFrancia0 aVidrio1 aBartha, Georges de